000 00255nam a22000857a 4500
008 160706b xxu||||| |||| 00| 0 eng d
100 _92402
_aMaanu Graphics
245 _aIllustrated Miraculous Facts
_bYou wouldn't Know
260 _aNew Delhi
_bMaanu Graphics
_c2012
999 _c2077
_d2077